[Event "CZE-ch U12 Girls"]
[Site "Teplice"]
[Date "2023.03.15"]
[Round "6"]
[White "Katasonova, Olga"]
[Black "Mojzisova, Barbora"]
[Result "0-1"]
[WhiteElo "1133"]
[BlackElo "1127"]
[PlyCount "76"]
[EventDate "2023.03.11"]
[EventType "swiss"]
[EventRounds "9"]
[EventCountry "CZE"]
[SourceTitle "CBM 213 Extra"]
[Source "ChessBase"]
[SourceDate "2023.05.31"]
[SourceVersion "1"]
[SourceVersionDate "2023.05.31"]
[SourceQuality "1"]

1. e4 e5 2. Nf3 Nc6 3. Bc4 Bc5 4. Nc3 Nf6 5. d3 d6 6. Bg5 h6 7. Bxf6 Qxf6 8. Nd5 Qd8 9. h3 Be6 10. c3 Qd7 11. Qc2 0-0-0 12. Qa4 Kb8 13. Bb5 a6 14. Bxc6 Qxc6 15. Qxc6 bxc6 16. Ne7 Kb7 17. b4 Bb6 18. a4 g6 19. b5 cxb5 20. axb5 axb5 21. Nd5 Bxd5 22. exd5 Ra8 23. Ke2 Ra5 24. Rhb1 Rha8 25. Rxa5 Rxa5 26. d4 exd4 27. Nxd4 Bxd4 28. cxd4 Kb6 29. g4 Ra2+ 30. Ke3 Ra3+ 31. Ke4 Rxh3 32. Ra1 Rh4 33. f3 h5 34. Kf4 hxg4 35. fxg4 f5 36. Rg1 Rxg4+ 37. Rxg4 fxg4 38. Kxg4 b4 0-1

[Event "CZE-ch U12 Girls"]
[Site "Teplice"]
[Date "2023.03.14"]
[Round "5"]
[White "Katasonova, Olga"]
[Black "Levchenko, Alisa"]
[Result "0-1"]
[WhiteElo "1133"]
[BlackElo "1000"]
[PlyCount "86"]
[EventDate "2023.03.11"]
[EventType "swiss"]
[EventRounds "9"]
[EventCountry "CZE"]
[SourceTitle "CBM 213 Extra"]
[Source "ChessBase"]
[SourceDate "2023.05.31"]
[SourceVersion "1"]
[SourceVersionDate "2023.05.31"]
[SourceQuality "1"]

1. e4 c5 2. d4 cxd4 3. c3 d3 4. Bxd3 Nc6 5. Nf3 d6 6. Bf4 Nf6 7. h3 g6 8. 0-0 Bg7 9. Qe2 0-0 10. Rd1 Nd7 11. Qe3 Re8 12. Nbd2 Nde5 13. Nc4 Qc7 14. Nfxe5 Nxe5 15. Nxe5 Bxe5 16. Bxe5 dxe5 17. Bb5 Rd8 18. Rxd8+ Qxd8 19. Qf3 Be6 20. b4 Qb6 21. a4 a6 22. Be2 Rd8 23. Rd1 Bb3 24. Rxd8+ Qxd8 25. a5 Qd2 26. Kh2 Ba4 27. Bc4 e6 28. Qe3 Qc2 29. f3 Kf8 30. Qc5+ Ke8 31. Qxe5 Bc6 32. Qd4 f5 33. Qd3 Qxd3 34. Bxd3 Kd7 35. Kg3 Kd6 36. Kf4 h6 37. h4 e5+ 38. Kg3 Ke6 39. h5 f4+ 40. Kg4 g5 41. Bc4+ Kf6 42. g3 Bd7+ 43. Be6 Bxe6# 0-1

[Event "CZE-ch U12 Girls"]
[Site "Teplice"]
[Date "2023.03.12"]
[Round "2"]
[White "Rudova, Jana"]
[Black "Katasonova, Olga"]
[Result "0-1"]
[WhiteElo "1000"]
[BlackElo "1133"]
[PlyCount "118"]
[EventDate "2023.03.11"]
[EventType "swiss"]
[EventRounds "9"]
[EventCountry "CZE"]
[SourceTitle "CBM 213 Extra"]
[Source "ChessBase"]
[SourceDate "2023.05.31"]
[SourceVersion "1"]
[SourceVersionDate "2023.05.31"]
[SourceQuality "1"]

1. e4 e5 2. Nf3 Nf6 3. Nc3 Nc6 4. Bb5 Bc5 5. 0-0 0-0 6. d3 Nd4 7. Nxd4 Bxd4 8. Be3 c6 9. Bc4 b5 10. Bb3 b4 11. Bxd4 exd4 12. Ne2 Qe7 13. Nxd4 Qe5 14. c3 c5 15. Ne2 bxc3 16. bxc3 Ba6 17. Qd2 Qd6 18. Rfd1 Qc6 19. g3 d5 20. exd5 Nxd5 21. Bxd5 Qxd5 22. Rab1 Rab8 23. Rxb8 Rxb8 24. Nf4 Qc6 25. Re1 Bb7 26. Kf1 Qh1+ 27. Ke2 Re8+ 28. Kd1 Bf3+ 29. Ne2 Bxe2+ 30. Kc1 Qf3 31. Qb2 Qxd3 32. a3 Kf8 33. Qd2 Qxd2+ 34. Kxd2 Bc4 35. Rxe8+ Kxe8 36. Ke3 Ke7 37. Ke4 Ke6 38. h4 f5+ 39. Kf4 h6 40. f3 g6 41. g4 Bd5 42. gxf5+ gxf5 43. Ke3 Ke5 44. f4+ Kd6 45. Kd3 c4+ 46. Kc2 a5 47. a4 Be4+ 48. Kb2 Bd3 49. Kc1 Kd5 50. Kd2 Ke4 51. Ke1 Kxf4 52. Kf2 Kg4 53. Kg2 f4 54. h5 Be4+ 55. Kf2 Kh3 56. Ke2 Kg2 57. Kd2 f3 58. Ke3 f2 59. Kxe4 f1Q 0-1

[Event "CZE-ch U12 Girls"]
[Site "Teplice"]
[Date "2023.03.11"]
[Round "1"]
[White "Katasonova, Olga"]
[Black "Skotakova, Stela"]
[Result "0-1"]
[WhiteElo "1133"]
[BlackElo "1000"]
[PlyCount "52"]
[EventDate "2023.03.11"]
[EventType "swiss"]
[EventRounds "9"]
[EventCountry "CZE"]
[SourceTitle "CBM 213 Extra"]
[Source "ChessBase"]
[SourceDate "2023.05.31"]
[SourceVersion "1"]
[SourceVersionDate "2023.05.31"]
[SourceQuality "1"]

1. e4 e5 2. Nf3 Nc6 3. Bc4 Bc5 4. Nc3 d6 5. d3 Bg4 6. h3 Bxf3 7. Qxf3 Nf6 8. Qg3 0-0 9. Bg5 Nd4 10. 0-0-0 Bb4 11. Nd5 Ne2+ 12. Kb1 Nxg3 13. fxg3 c6 14. Nxf6+ gxf6 15. Bh6 Re8 16. Rdf1 d5 17. exd5 cxd5 18. Bb3 d4 19. Rf5 e4 20. Rf4 exd3 21. Rg4+ Kh8 22. Bxf7 dxc2+ 23. Ka1 Rg8 24. Rxg8+ Qxg8 25. Bxg8 Kxg8 26. b3 Bc3# 0-1

[Event "CZE-chT U12"]
[Site "Jihlava"]
[Date "2022.06.11"]
[Round "3.4"]
[White "Katasonova, Olga"]
[Black "Mrazek, Stepan"]
[Result "1-0"]
[WhiteElo "1189"]
[BlackElo "1084"]
[PlyCount "76"]
[EventDate "2022.06.10"]
[EventType "team-swiss"]
[EventRounds "9"]
[EventCountry "CZE"]
[SourceTitle "CBM 209 Extra"]
[Source "ChessBase"]
[SourceDate "2022.09.30"]
[SourceVersion "1"]
[SourceVersionDate "2022.09.30"]
[SourceQuality "1"]
[WhiteTeam "Unichess U12"]
[BlackTeam "Celakovice Spartak U12"]
[WhiteTeamCountry "CZE"]
[BlackTeamCountry "CZE"]

1. e4 e5 2. Nf3 Nc6 3. Bc4 Nd4 4. c3 Nc6 5. d4 d6 6. Be3 Nf6 7. Nbd2 Be7 8. h3 a6 9. a4 Be6 10. d5 Bd7 11. dxc6 Bxc6 12. Qe2 h6 13. Qd3 Qd7 14. Bd5 Bxa4 15. Bxf7+ Kd8 16. Qc4 Bc6 17. b4 b5 18. Qd3 Rf8 19. Bd5 Bxd5 20. exd5 c6 21. dxc6 Qxc6 22. c4 Rb8 23. Nxe5 Qc7 24. Rxa6 Ke8 25. Nc6 Rc8 26. Nxe7 Qxe7 27. Rxd6 Rf7 28. c5 Kf8 29. c6 Ne8 30. Rd7 Qf6 31. Bc5+ Kg8 32. Rxf7 Qxf7 33. 0-0 Nc7 34. Re1 Na6 35. Re7 Qf6 36. Qd5+ Kh7 37. Ne4 Qf4 38. Bd6 Qc1+ 1-0

[Event "CZE-chT U12"]
[Site "Jihlava"]
[Date "2022.06.11"]
[Round "5.4"]
[White "Koupil, Stepan"]
[Black "Katasonova, Olga"]
[Result "1-0"]
[WhiteElo "1450"]
[BlackElo "1189"]
[PlyCount "127"]
[EventDate "2022.06.10"]
[EventType "team-swiss"]
[EventRounds "9"]
[EventCountry "CZE"]
[SourceTitle "CBM 209 Extra"]
[Source "ChessBase"]
[SourceDate "2022.09.30"]
[SourceVersion "1"]
[SourceVersionDate "2022.09.30"]
[SourceQuality "1"]
[WhiteTeam "Polabiny U12"]
[BlackTeam "Unichess U12"]
[WhiteTeamCountry "CZE"]
[BlackTeamCountry "CZE"]

1. e4 e5 2. Nf3 Nc6 3. d4 exd4 4. Nxd4 Nf6 5. Nc3 Nxe4 6. Nxe4 Qe7 7. Nxc6 Qxe4+ 8. Qe2 Qxe2+ 9. Bxe2 dxc6 10. Bf4 Bd6 11. Bxd6 cxd6 12. Rd1 d5 13. b4 Bf5 14. c3 a5 15. b5 0-0 16. 0-0 Rfe8 17. Rd2 a4 18. a3 Ra5 19. Rb2 c5 20. Rd1 Re5 21. h3 c4 22. Bf3 Be4 23. Re2 g6 24. Bxe4 dxe4 25. Rd4 Raxb5 26. Rxc4 Rb3 27. Rxa4 Rxc3 28. Rb2 b5 29. Ra5 Rcc5 30. Re2 f5 31. f3 Kf8 32. Rd2 e3 33. Re2 Ke8 34. Kh2 f4 35. g3 g5 36. gxf4 gxf4 37. h4 h5 38. Kh3 Kd7 39. a4 Kc6 40. Ra6+ Kb7 41. axb5 Rxb5 42. Rf6 Rb4 43. Rg6 Rd4 44. Rg5 Rdd5 45. Rg6 Rd2 46. Re1 e2 47. Rg5 Rdd5 48. Rg6 Rd1 49. Rgg1 Red5 50. Kh2 Rxe1 51. Rxe1 Rd1 52. Rxe2 Rf1 53. Kg2 Rd1 54. Re4 Rd5 55. Rxf4 Rd2+ 56. Kg3 Rd1 57. Rf5 Rg1+ 58. Kh2 Rf1 59. Kg2 Re1 60. Rxh5 Re2+ 61. Kg3 Kc7 62. Rg5 Re1 63. Kf2 Re4 64. fxe4 1-0

[Event "CZE-chT U12"]
[Site "Jihlava"]
[Date "2022.06.10"]
[Round "1.4"]
[White "Katasonova, Olga"]
[Black "Hladky, Mikulas"]
[Result "1/2-1/2"]
[WhiteElo "1189"]
[BlackElo "1549"]
[PlyCount "118"]
[EventDate "2022.06.10"]
[EventType "team-swiss"]
[EventRounds "9"]
[EventCountry "CZE"]
[SourceTitle "CBM 209 Extra"]
[Source "ChessBase"]
[SourceDate "2022.09.30"]
[SourceVersion "1"]
[SourceVersionDate "2022.09.30"]
[SourceQuality "1"]
[WhiteTeam "Unichess U12"]
[BlackTeam "Jundrov Jezdci U12"]
[WhiteTeamCountry "CZE"]
[BlackTeamCountry "CZE"]

1. e4 e5 2. Nf3 Nc6 3. Bc4 Nf6 4. Ng5 d5 5. exd5 b5 6. Bxb5 Qxd5 7. Bxc6+ Qxc6 8. Nf3 Bd6 9. Nc3 0-0 10. d3 Bb7 11. Qe2 Rfe8 12. 0-0 Bb4 13. Bd2 Bc5 14. Ne4 Nxe4 15. dxe4 Qxe4 16. Qxe4 Bxe4 17. Ng5 Bg6 18. Rfe1 f6 19. Ne4 Bxe4 20. Rxe4 Rad8 21. Bb4 Bxb4 22. Rxb4 Rd2 23. Rc1 Red8 24. g3 c6 25. Rb7 R8d7 26. Rxd7 Rxd7 27. a4 Rd2 28. b3 Kf7 29. Kf1 Ke6 30. Ke1 Rd7 31. Ke2 e4 32. Ke3 Ke5 33. f4+ exf3 34. Kxf3 Rd2 35. h4 Kd6 36. c3 Rd3+ 37. Kf2 a6 38. b4 Rd5 39. a5 Kc7 40. Re1 Kd7 41. Re3 Rf5+ 42. Ke2 Kd6 43. Rd3+ Rd5 44. Rxd5+ Kxd5 45. Kd3 g5 46. c4+ Kd6 47. h5 f5 48. Kd4 h6 49. Ke3 c5 50. b5 Kc7 51. b6+ Kb7 52. Kf3 Kc6 53. g4 fxg4+ 54. Kxg4 Kb7 55. Kf5 Kc6 56. Kg4 Kb7 57. Kf5 Kc6 58. Kg4 Kb7 59. Kf5 Kc6 1/2-1/2

[Event "CZE-ch U12"]
[Site "Herlikovice"]
[Date "2021.10.24"]
[Round "2"]
[White "Katasonova, Olga"]
[Black "Bara, Jan"]
[Result "0-1"]
[WhiteElo "1161"]
[BlackElo "1413"]
[PlyCount "64"]
[EventDate "2021.10.23"]
[EventType "swiss"]
[EventRounds "9"]
[EventCountry "CZE"]
[SourceTitle "EXT 2023"]
[Source "ChessBase"]
[SourceDate "2022.10.05"]
[SourceVersion "1"]
[SourceVersionDate "2022.10.05"]
[SourceQuality "1"]

1. e4 c5 2. Nf3 Nc6 3. Bc4 g6 4. d4 cxd4 5. c3 d3 6. Bxd3 Bg7 7. Bc4 Nf6 8. e5 Ng4 9. Bf4 Ngxe5 10. Nxe5 Nxe5 11. Bxe5 Bxe5 12. Qd5 d6 13. Qxf7+ Kd7 14. Bb5+ Kc7 15. Qc4+ Kb8 16. a4 a6 17. Bc6 bxc6 18. Qxc6 Bb7 19. Qc4 Qb6 20. Ra3 Rc8 21. Rb3 Rxc4 22. Rxb6 Ka7 23. a5 Bxg2 24. Rg1 Bd5 25. Na3 Rc7 26. b4 Bxc3+ 27. Kd1 Bf3+ 28. Kc2 Bxb4+ 29. Kb3 Bxa5 30. Nb5+ Kxb6 31. Nxc7 Kxc7 32. Rc1+ Kd7 0-1

[Event "Prague Golden op"]
[Site "Prague"]
[Date "2021.07.14"]
[Round "5"]
[White "Katasonova, Olga"]
[Black "Rell, Martin"]
[Result "0-1"]
[WhiteElo "1212"]
[BlackElo "1753"]
[PlyCount "62"]
[EventDate "2021.07.10"]
[EventType "swiss"]
[EventRounds "9"]
[EventCountry "CZE"]
[SourceTitle "CBM 203 Extra"]
[Source "ChessBase"]
[SourceDate "2021.09.30"]
[SourceVersion "1"]
[SourceVersionDate "2021.09.30"]
[SourceQuality "1"]

1. e4 c5 2. d4 cxd4 3. c3 dxc3 4. Nxc3 d6 5. Nf3 Nc6 6. Bc4 Nf6 7. 0-0 a6 8. a4 e6 9. Be3 Be7 10. Qe2 0-0 11. Rfd1 Bd7 12. Bd2 Rc8 13. b3 Na5 14. Bd3 Nxb3 15. Rab1 Nxd2 16. Qxd2 Qa5 17. Rdc1 Bc6 18. Rb3 Bxa4 19. Nxa4 Qxd2 20. Nxd2 Rxc1+ 21. Nf1 b5 22. Nc3 Rc8 23. Na2 R1c5 24. Nd2 Rc2 25. Bxc2 Rxc2 26. Rc3 Rxd2 27. Rc8+ Bf8 28. Nc3 Nxe4 29. f3 Nxc3 30. Rxc3 d5 31. Ra3 Bxa3 0-1

[Event "Prague Golden op"]
[Site "Prague"]
[Date "2021.07.11"]
[Round "2"]
[White "Katasonova, Olga"]
[Black "Veselsky, Jan"]
[Result "0-1"]
[WhiteElo "1212"]
[BlackElo "1552"]
[PlyCount "30"]
[EventDate "2021.07.10"]
[EventType "swiss"]
[EventRounds "9"]
[EventCountry "CZE"]
[SourceTitle "CBM 203 Extra"]
[Source "ChessBase"]
[SourceDate "2021.09.30"]
[SourceVersion "1"]
[SourceVersionDate "2021.09.30"]
[SourceQuality "1"]

1. e4 c6 2. d4 d5 3. Nc3 dxe4 4. Nxe4 Bf5 5. Qe2 Bxe4 6. Qxe4 Nf6 7. Qd3 e6 8. Bf4 Nbd7 9. 0-0-0 Qa5 10. a3 0-0-0 11. Nf3 Nc5 12. Qc4 Nce4 13. Re1 Nxf2 14. Rg1 N2e4 15. Ne5 Qxe1# 0-1